[Event "BCF-ch U16 rapid"]
[Site "Hull"]
[Date "2024.07.27"]
[Round "8"]
[White "Burnton, Joshua"]
[Black "Dissanayake, Sathsara"]
[Result "1/2-1/2"]
[WhiteElo "1782"]
[BlackElo "1797"]
[PlyCount "33"]
[EventDate "2024.07.26"]
[EventType "swiss (rapid)"]
[EventRounds "9"]
[EventCountry "ENG"]
[SourceTitle "CBM 221 Extra"]
[Source "ChessBase"]
[SourceDate "2024.09.30"]
[SourceVersion "1"]
[SourceVersionDate "2024.09.30"]
[SourceQuality "1"]

1. e4 Nf6 2. Nc3 d5 3. e5 d4 4. exf6 dxc3 5. fxg7 cxd2+ 6. Qxd2 Qxd2+ 7. Bxd2 Bxg7 8. 0-0-0 Nc6 9. Nf3 Be6 10. Bf4 0-0 11. a3 Bf5 12. Bb5 e5 13. Be3 Be4 14. Rd7 a6 15. Ba4 Rac8 16. Rhd1 Nb8 17. R7d2 1/2-1/2

[Event "BCF-ch Atkins op"]
[Site "Hull"]
[Date "2024.07.26"]
[Round "1"]
[White "Burnton, Joshua"]
[Black "Collinson, Mark I"]
[Result "1-0"]
[WhiteElo "1731"]
[BlackElo "1899"]
[PlyCount "81"]
[EventDate "2024.07.26"]
[EventType "swiss"]
[EventRounds "5"]
[EventCountry "ENG"]
[SourceTitle "CBM 221 Extra"]
[Source "ChessBase"]
[SourceDate "2024.09.30"]
[SourceVersion "1"]
[SourceVersionDate "2024.09.30"]
[SourceQuality "1"]

1. e4 e5 2. Nf3 Nc6 3. Bb5 d6 4. d4 exd4 5. Nxd4 Bd7 6. Nc3 Nf6 7. 0-0 Be7 8. Nxc6 Bxc6 9. Bxc6+ bxc6 10. f4 0-0 11. Qf3 Rb8 12. b3 Qc8 13. h3 Qa6 14. Be3 Qa5 15. Bf2 Nd7 16. Rad1 Rbd8 17. a4 Bf6 18. Ne2 Rfe8 19. g4 Nc5 20. g5 Bb2 21. Ng3 Bc3 22. Be1 Bxe1 23. Rfxe1 Ne6 24. Qe3 Qc5 25. Qxc5 Nxc5 26. Kf2 Ne6 27. Kf3 a5 28. h4 c5 29. Ne2 Rb8 30. f5 Nf8 31. Nc3 c4 32. Nb5 cxb3 33. cxb3 Nd7 34. Kf4 Ne5 35. Re3 f6 36. Nxc7 Rec8 37. Nb5 Rc2 38. Rxd6 Rg2 39. Rg3 fxg5+ 40. Rxg5 Rxg5 41. hxg5 1-0

[Event "BCF-ch U16 rapid"]
[Site "Hull"]
[Date "2024.07.26"]
[Round "2"]
[White "Burnton, Joshua"]
[Black "Hobson, Kenneth"]
[Result "1/2-1/2"]
[WhiteElo "1782"]
[BlackElo "1983"]
[PlyCount "188"]
[EventDate "2024.07.26"]
[EventType "swiss (rapid)"]
[EventRounds "9"]
[EventCountry "ENG"]
[SourceTitle "CBM 221 Extra"]
[Source "ChessBase"]
[SourceDate "2024.09.30"]
[SourceVersion "1"]
[SourceVersionDate "2024.09.30"]
[SourceQuality "1"]

1. e4 e5 2. Nf3 Nc6 3. Bb5 a6 4. Ba4 Nf6 5. 0-0 b5 6. Bb3 Bc5 7. c3 d6 8. d4 Bb6 9. Bc2 Bg4 10. d5 Ne7 11. h3 Bd7 12. Re1 0-0 13. Nbd2 Ng6 14. Nf1 c5 15. Ng3 c4 16. Be3 Bxe3 17. fxe3 Qb6 18. Kh2 a5 19. Nf5 b4 20. Re2 a4 21. g4 b3 22. Bb1 a3 23. axb3 axb2 24. Rxa8 Rxa8 25. Rxb2 Ra1 26. Qc2 Bxf5 27. exf5 Qxe3 28. fxg6 Qxf3 29. gxf7+ Kxf7 30. bxc4 Ra7 31. Qf2 Qxf2+ 32. Rxf2 h6 33. Bf5 Ra3 34. Rb2 Ra7 35. h4 g6 36. Be6+ Ke7 37. Rf2 Ra3 38. g5 hxg5 39. hxg5 Ne4 40. Rf7+ Ke8 41. Rg7 Ra2+ 42. Kg1 Nxg5 43. Rg8+ Ke7 44. Rxg6 Nf3+ 45. Kf1 Nd2+ 46. Ke1 Nxc4 47. Rg4 Ne3 48. Rg7+ Kf6 49. Rd7 Ra6 50. Ke2 Nc4 51. Kd3 Nb2+ 52. Kc2 Nc4 53. Kd3 Na5 54. c4 Nb3 55. Rf7+ Kg6 56. Rf2 Nc5+ 57. Ke3 Ra3+ 58. Ke2 Ra2+ 59. Ke3 Ra3+ 60. Ke2 Ra2+ 61. Ke3 Rxf2 62. Kxf2 Kf6 63. Bh3 Nd3+ 64. Ke3 Nf4 65. Bf1 Ke7 66. Ke4 Kf6 67. Kf3 Kf5 68. Ke3 e4 69. Kd4 Nh5 70. Bg2 Nf6 71. c5 dxc5+ 72. Kxc5 e3 73. Bf3 Kf4 74. Be2 Ke5 75. d6 Ne4+ 76. Kc4 Nxd6+ 77. Kd3 Kf4 78. Kd4 Ne4 79. Ba6 Kf3 80. Bb5 Nd6 81. Bd3 Kf2 82. Ba6 Nf5+ 83. Ke4 Ng3+ 84. Kf4 Ne2+ 85. Ke4 Nc3+ 86. Kd4 Nd1 87. Ke4 Ke1 88. Kd3 Kf2 89. Kc2 Ke1 90. Kd3 Kf2 91. Kc2 Ke1 92. Kd3 e2 93. Kd4 Kd2 94. Bxe2 Kxe2 1/2-1/2

[Event "BCF-ch U16 blitz"]
[Site "Hull"]
[Date "2024.07.25"]
[Round "8"]
[White "Burnton, Joshua"]
[Black "Puig Souto, Luca"]
[Result "1/2-1/2"]
[WhiteElo "1760"]
[BlackElo "1745"]
[PlyCount "116"]
[EventDate "2024.07.25"]
[EventType "swiss (blitz)"]
[EventRounds "9"]
[EventCountry "ENG"]
[SourceTitle "CBM 221 Extra"]
[Source "ChessBase"]
[SourceDate "2024.09.30"]
[SourceVersion "1"]
[SourceVersionDate "2024.09.30"]
[SourceQuality "1"]

1. e4 c5 2. Nc3 d6 3. f4 g6 4. Nf3 Bg7 5. Bc4 Nc6 6. 0-0 e6 7. d3 Nge7 8. Qe1 Nd4 9. Nxd4 cxd4 10. Ne2 a6 11. a4 d5 12. Bb3 dxe4 13. dxe4 0-0 14. Bd2 d3 15. Nc3 Qb6+ 16. Kh1 dxc2 17. Ra3 Bd7 18. a5 Qc7 19. Bxc2 Rac8 20. Qe3 Bb5 21. Bd3 Bxd3 22. Qxd3 Rfd8 23. Qe2 Nc6 24. Be3 Nd4 25. Qf2 Nc6 26. Rc1 Qe7 27. Rb3 Nxa5 28. Ra3 Nc4 29. Ra2 Nxe3 30. Qxe3 Qd6 31. h3 Bxc3 32. Rxc3 Rxc3 33. bxc3 Qd3 34. Qb6 Qd1+ 35. Kh2 Qd7 36. c4 Qd6 37. Qxd6 Rxd6 38. Rb2 Rd7 39. c5 Rc7 40. Kg3 Kf8 41. Kf3 Ke7 42. Ke3 Kf6 43. Kd4 h5 44. g4 hxg4 45. hxg4 Ke7 46. Rb6 Kd7 47. f5 exf5 48. gxf5 gxf5 49. exf5 Kc8 50. Kd5 Kd7 51. Rd6+ Ke7 52. f6+ Ke8 53. Rb6 Kd7 54. Rd6+ Ke8 55. Rb6 Kd7 56. Rd6+ Kc8 57. Rb6 Kd7 58. Rd6+ Ke8 1/2-1/2